01939cam a22003374i 4500003000900000005001700009008004100026020001500067035001800082040003300100082002200133100002800155245006300183250002400246264005500270300005100325336002100376337002500397338002300422500005300445500007100498504005900569505058500628520017201213600003501385630003501420650006301455650002801518650002701546700002801573PE-LiUPU20250812151958.0199601s1975 miua rb 001 0 eng d a0801028388 aPE-LiUPU42194 aPE-LiUPUbengcPE-LiUPUerda04a222.11bD262p219 aDavis, John J.,eautor.10aParadise to prison :bstudies in Genesis /cJohn J. Davis. aFifteenth printing. 1aGrand Rapids, Michigan :bBaker Book House,c1996. a363 páginas :bilustraciones, mapas ;c24 cm atext2rdacontent aunmediated2rdamedia avolume2rdacarrier aOriginalmente publicado en 1975 por Baker Books. aIncluye más de cuarenta cuadros, mapas, dibujos y fotografías. aIncluye bibliografía (páginas 305-340) e índice.0 aIntroduction to Genesis -- The origin of the universe (1:1-5) -- Days or ages? (1:5) -- When life began (1:6-25) -- The first man (1:26-2:25) -- Temptation and fall (3:1-24) -- The beginning of civilization (4,5) -- The degeneration of man (6:1-13) -- The great flood (6:14-9:29) -- The earth’s population (10,11) -- The journeys of Abraham (12-14) -- Covenant renewal (15-17) -- The destruction of Sodom (18,19) -- Life and death (20-23) -- The last days of Abraham (24-27) -- The adventures of Jacob (28-36) -- From a pit to a palace (37-45) -- The last days of Jacob (46-50). aComentario exegético y teológico sobre el libro de Génesis, escrito desde una perspectiva evangélica conservadora, con análisis histórico y arqueológico. 0aAbraham,cPatriarca bíblico.00aBible.pGenesisxCommentaries.14aBiblia. Antiguo Testamento.xCrítica e interpretación.14aCreación (Teología)14aPatriarcas bíblicos. aDavis, John J.,eautor.